Missing Word: NYT Best Sellers (A-Z) Quiz Stats

 Plays Quiz Updated Aug 7, 2018

Score 0/25 Timer 04:00
0 Plays Today
Hint Answer % Correct
Down the Rabbit ______
Holly Madison - Non-Fiction (2015)
Hole
94.5%
Marley & ___
John Grogan - Non-Fiction (2006)
Me
93%
Point of No ________
John P. Marquand - Fiction (1949)
Return
92.8%
Deliver Us from _____
Sean Hannity - Non-Fiction (2004)
Evil
91.9%
David and _______
Malcolm Gladwell - Non-Fiction (2014)
Goliath
90.5%
So Little ______
John P. Marquand - Fiction (1943)
Time
81.9%
_____ is Eternal
Irving Stone - Fiction (1954)
Love
79.7%
The Day of the _____
Frederick Forsyth - Fiction (1971)
Jackal
68.3%
No Spin ______
Bill O'Reilly - Non-Fiction (2001-02)
Zone
61.2%
Eagle in the _____
Van Wyck Mason - Fiction (1948)
Sky
54.1%
Advise and ________
Allen Drury - Fiction (1959-60)
Consent
49.5%
The __________ of Hope
Barack Obama - Non-Fiction (2006-07)
Audacity
47.3%
_____ and Fury
Michael Wolff - Non-Fiction (2018)
Fire
47.3%
Hint Answer % Correct
The Casual _______
JK Rowling - Fiction (2012)
Vacancy
36.2%
Point of __________
Patricia Cornwall - Fiction (1998)
Origin
31.3%
Memnoch the _______
Anne Rice - Fiction (1995)
Devil
31%
The _____ of the Kingdom
A.J. Cronin - Fiction (1941-42)
Keys
26.9%
First Lady from _______
Rosalynn Carter - Non-Fiction (1984)
Plains
23.8%
The __________ Man
John Grisham - Non-Fiction (2006)
Innocent
20.9%
Maid in _________
John Galsworthy - Fiction (1931)
Waiting
19.6%
The Yankee ______
Joe Torre - Non-Fiction (2009)
Years
17.9%
______ House
James Clavell - Fiction (1981)
Noble
17.8%
______ at War
Bob Woodward - Non-Fiction (2003)
Bush
16.8%
An _________ Life
Robert Dallek - Non-Fiction (2003)
Unfinished
9.1%
'Q' Is for _____
Sue Grafton - Fiction (2002)
Quarry
8.9%

Today's Daily Dose

Missing Word
Sherlocks

Word Ladder
King of the Hill

Quick Pick
Songs in Pink

Get the Picture
NBA Teammates

You're not logged in!

Compare scores with friends on all Sporcle quizzes.
OR
Log In

Sporcle TV

Today on Sporcle TV


Watch our educational content, quiz creation guides, and fun videos on Sporcle TV.

Show Comments

Extras

Top Quizzes Today


Score Distribution

Your Account Isn't Verified!

In order to create a playlist on Sporcle, you need to verify the email address you used during registration. Go to your Sporcle Settings to finish the process.

Report this User

Report this user for behavior that violates our Community Guidelines.

Details: